Geometry Dash Trivia #1 - Statistics

General Stats
  • This quiz has been taken 102 times
  • The average score is 15 of 20
Answer Stats
Question Answer % Correct
In what year was Geometry Dash released? 2013
99%
Who is the only developper behind Geometry Dash? RobTop
99%
What Geometry Dash update released in december 2014 did most players call: "the golden age of GD"? 1.9
98%
How many years did it take for Geometry Dash update 2.2 to release after the release of 2.1? 7 years
96%
What former top 1 Geometry Dash level created in 1.9 and published by Riot is hell themed and uses for the song "At the Speed of Light" by Dimrain47? Bloodbath
95%
How many official levels are there in the game, as of 2.207? 22 levels
92%
Which Geometry Dash extreme demon is known for being blue-and-yellow beach-themed? Tidal Wave
89%
What is the most popular easy demon in Geometry Dash? The Nightmare
88%
As of August 8th, 2025, who is the best player in Geometry Dash? Zoink
86%
What is the most liked Geometry Dash level? ReTraY
85%
Which game does Geometry Dash mostly take inspiration from? The Impossible Game
84%
As of August 8th, 2025, what is the current Geometry Dash top 1 level? Amethyst
82%
What website does Geometry Dash Use for almost every single one of it's songs? Newgrounds
82%
What is the name of the new official Geometry Dash level pack created in 2.2 that consists of 4 different platformer levels? The Tower
79%
What is the name given to certain players having the power to send levels to RobTop himself in order for him to rate them? Moderator
75%
Which Geometry Dash object can make some objects cease to be visible and vice-versa? Alpha Trigger
58%
Which Geometry Dash player was known for hack-verifying and publishing very hard levels back in the day, like Poltergeist and The Ultimate Phase? Andromeda
56%
What achievement do you get in Geometry Dash after destroying an icon in the main menu background? Rampage!
39%
As of August 8th, 2025, which Geometry Dash player has the most creator points? Split72
35%
Which Geometry Dash creator recently won the title of "Best Creator" in the Geometry Dash 2024 Awards? AudieoVisual
11%
No matching quizzes found
Score Distribution
Percent of People with Each Score
Percentile by Number Answered
Your Score History
You have not taken this quiz